000 00502nam a2200169Ia 4500
005 20250508155703.0
008 008 250505s9999 xx 000 0 hin d
037 _aBooks to be hide in OPAC
040 _aFEDL
_beng
_cFEDL
041 _ahin
_2hin
084 _a491.430 7, AJM
_qFEDL
245 0 _aHindi patth yojna: Katipya namoone
260 _aAjmer, India
_bKshetriya Shiksha Mahavidyalaya India
300 _a63p.
942 _cHB
_h491.430 7, AJM
999 _c1358811
_d1358811